000 00789nam a22002297a 4500
001 1136
003 BD-RjUL
005 20211208233300.0
008 131124s1965 pk |||| |||| 001 0 eng d
035 _a(BD-RjUL)1158
_a(OCoLC)15010126
040 _aBD-RjUL
_beng
_cBD-RjUL
_dBD-RjUL
041 _aeng
082 0 4 _219
_a309.15491
_bSHN 1965
100 1 _aSharif, M. M.
_qMian Mohammad Sharif
_93355
245 _aNational integration, and other essays /
_cM. M. Sharif
260 _aLahore :
_bInstitute of Islamic Culture ,
_c1965.
300 _a153 p. ;
_c22 cm.
504 _aInclude index.
650 _aPakistan -- Social conditions
_93356
856 _3WorldCat
_uhttp://www.worldcat.org/title/national-integration-and-other-essays/oclc/15010126&referer=brief_results
942 _2ddc
_cBK
999 _c1136
_d1136